[Event "Quebec-ch Senior"]
[Site "Montreal"]
[Date "2017.04.23"]
[Round "4"]
[White "Rabutki, Dmitri"]
[Black "Molloy, Francis"]
[Result "0-1"]
[WhiteElo "1440"]
[BlackElo "1550"]
[PlyCount "137"]
[EventDate "2017.04.21"]
[EventType "swiss"]
[EventRounds "5"]
[EventCountry "CAN"]
[SourceTitle "EXT 2022"]
[Source "ChessBase"]
[SourceDate "2021.10.06"]
[SourceVersion "1"]
[SourceVersionDate "2021.10.06"]
[SourceQuality "1"]

1. e4 c5 2. Bc4 e6 3. Nc3 Nc6 4. d3 a6 5. Nge2 b5 6. Bb3 Bb7 7. 0-0 Nf6 8. Bg5 Be7 9. a3 Nxe4 10. Nxe4 Bxg5 11. Nxc5 Qc7 12. f4 Bf6 13. f5 Nd4 14. Ne4 Bxe4 15. dxe4 Nxb3 16. cxb3 Bxb2 17. Ra2 Be5 18. Ng3 Bxg3 19. hxg3 0-0 20. Rf3 Rac8 21. Rd3 Rfd8 22. Rad2 Qa7+ 23. Kh2 Rc7 24. Qh5 Qc5 25. Qh4 Qf8 26. g4 exf5 27. Rh3 h6 28. exf5 f6 29. b4 Qe7 30. Rhd3 Qe5+ 31. Kh3 Rc1 32. Rd1 Rxd1 33. Rxd1 Qe3+ 34. Qg3 Qxg3+ 35. Kxg3 Kf7 36. Rd6 Ke7 37. Rxa6 d5 38. Re6+ Kd7 39. Kf4 Rc8 40. Re3 Rc4+ 41. Kf3 Kd6 42. Re6+ Kd7 43. Re3 Kd6 44. Ke2 Rxg4 45. Re6+ Kd7 46. Kf3 Rg5 47. g4 h5 48. Rb6 Rxg4 49. Rxb5 Kc6 50. Rc5+ Kd6 51. Ra5 Rc4 52. Ra6+ Ke5 53. b5 Rc3+ 54. Ke2 h4 55. a4 h3 56. Kf2 d4 57. a5 h2 58. Kg2 Rc2+ 59. Kh1 d3 60. Ra7 d2 61. Rd7 Rc1+ 62. Kxh2 d1Q 63. Rxd1 Rxd1 64. b6 Rb1 65. a6 Kxf5 66. a7 Rxb6 67. a8Q Rb2+ 68. Kg3 Rb3+ 69. Kh4 0-1

[Event "Montreal Pere Noel U1800"]
[Site "Montreal"]
[Date "2016.12.29"]
[Round "4.34"]
[White "Molloy, Francis"]
[Black "Hebert, Mario"]
[Result "1-0"]
[WhiteElo "1536"]
[BlackElo "1516"]
[PlyCount "79"]
[EventDate "2016.12.26"]
[EventType "swiss"]
[EventRounds "5"]
[EventCountry "CAN"]
[SourceTitle "EXT 2022"]
[Source "ChessBase"]
[SourceDate "2021.10.06"]
[SourceVersion "1"]
[SourceVersionDate "2021.10.06"]
[SourceQuality "1"]

1. Nf3 c5 2. c4 Nc6 3. Nc3 Nf6 4. d4 cxd4 5. Nxd4 g6 6. e3 Bg7 7. Be2 0-0 8. 0-0 a6 9. b3 e5 10. Nf3 e4 11. Nd4 Re8 12. Bb2 d5 13. Nxc6 bxc6 14. Rb1 Be6 15. cxd5 cxd5 16. Qd2 Qa5 17. a3 Red8 18. b4 Qc7 19. Rbc1 Qa7 20. Na4 a5 21. Bd4 Qe7 22. Bb6 axb4 23. Bxd8 Qxd8 24. Qxb4 Bf8 25. Qb6 Qe8 26. Bb5 Nd7 27. Bxd7 Bxd7 28. Nc5 Bb5 29. Rfd1 Bc4 30. Rb1 Rc8 31. Nb7 Rc6 32. Qd8 Qe6 33. Qh4 Be7 34. Qg3 Qc8 35. Na5 Bd6 36. Qh4 Rc5 37. Nxc4 Rxc4 38. Qf6 Qc7 39. g3 Be5 40. Qb6 1-0

[Event "Quebec-ch qual U1700"]
[Site "Montreal"]
[Date "2005.07.23"]
[Round "7"]
[White "Gauthier, Denis"]
[Black "Molloy, Francis"]
[Result "1-0"]
[WhiteElo "1559"]
[BlackElo "1634"]
[PlyCount "33"]
[EventDate "2005.07.15"]
[EventType "swiss"]
[EventRounds "7"]
[EventCountry "CAN"]
[SourceTitle "EXT 2009"]
[Source "ChessBase"]
[SourceDate "2008.11.26"]
[SourceVersion "1"]
[SourceVersionDate "2008.11.26"]
[SourceQuality "1"]

1. c4 Nf6 2. Nc3 e6 3. e4 d6 4. d4 Be7 5. Bd3 c5 6. Nge2 cxd4 7. Nxd4 Nc6 8. Nxc6 bxc6 9. 0-0 0-0 10. b3 Nd7 11. Qh5 Nf6 12. Qe2 c5 13. Bb2 h6 14. Rad1 Nd7 15. f4 Bf6 16. e5 dxe5 17. Qe4 1-0